Introduction to the design and analysis of algorithms / (رقم التسجيلة. 31905)

تفاصيل مارك
000 -الفاتح
حقل البيانات ثابتة الطول 00913cam a2200289 i 4500
001 - رقم الضبط
رقم الضبط 4126138
003 - محدد رقم الضبط
رقم الضبط OSt
005 - وقت وتاريخ اخر تعامل مع التسجيلة
رقم الضبط 20150408114149.0
008 - عناصر البيانات ثابتة الطول - معلومات عامة
حقل البيانات ثابتة الطول 760909s1977 nyua b 001 0 eng
010 ## - رقم ضبط مكتبة الكونجرس
رقم ضبط مكتبة الكونجرس 76043363
020 ## - الرقم الدولى المعيارى للكتب
الرقم الدولى المعيارى للكتاب 9780273764113
040 ## - مصدر الفهرسة
وكالة الفهرسة الأصلية DLC
وكالة النسخ DLC
وكالة التعديل DLC
050 00 - رقم طلب مكتبة الكونجرس
رقم التصنيف QA76.6
رقم المادة .G66
082 00 - رقم تصنيف ديوى العشرى
رقم التصنيف 511.8
رقم الطبعة 22
رقم المادة GSI
100 1# - المدخل الرئيسى - إسم شخصى
الإسم الشخصى Goodman, Seymour E.
9 (RLIN) 39431
245 10 - بيان العنوان
العنوان Introduction to the design and analysis of algorithms /
بيان المسئوليه,etc S. E. Goodman, S. T. Hedetniemi.
260 ## - PUBLICATION, DISTRIBUTION, ETC. (IMPRINT)
مكان الناشر او الموزع New York :
اسم الناشر او الموزع McGraw-Hill,
تاريخ النشر أو التوزيع c1977.
300 ## - الوصف المادى
التعداد xi, 371 p. :
تفاصيل ماديه اخرى للوعاء ill. ;
أبعاد الوعاء 25 cm.
490 0# - بيان السلسلة
عنوان السلسلة McGraw-Hill computer science series
500 ## - تبصرة عامة
تبصرة عامة Includes index.
504 ## - تبصرة ببليوجرافية
تبصرة ببليوجرافية,الخ Bibliography: p. 332-336.
650 #0 - المدخل الاضافى بالموضوع-مصطلح موضوعى
مصطلح موضوعي أو اسم جغرافي كعنصر مدخل Computer programming.
650 #0 - المدخل الاضافى بالموضوع-مصطلح موضوعى
مصطلح موضوعي أو اسم جغرافي كعنصر مدخل Computer algorithms.
9 (RLIN) 4769
700 1# - المدخل الاضافى - اسم شخصى
الإسم الشخصى Hedetniemi, S. T.,
الدور joint author.
9 (RLIN) 39432
906 ## - عنصر بيانات محلى F, LDF (RLIN)
a 7
b cbc
c orignew
d 1
e ocip
f 19
g y-gencatlg
942 ## - عناصر المدخل الإضافي( كوها)
مصدر التصنيف او مخطط الترفيف Dewey Decimal Classification
Koha [default] item type كتاب
المقتنيات
حالة الفقد نموذج السعر الفعال حالة تلف ليس للاعارة رقم الطلب تاريخ الاكتساب الموقع الحالي الباركود الفرع الرئيسي Date last seen نوع المادة فى نظام كوها مصدر التصنيف او خطة الترفيف Total Checkouts
  2013-11-11     511.8 GSI 2013-11-11 المكتبة المركزية بالمجمعة (CL) 00651069 المكتبة المركزية بالمجمعة (CL) 2013-11-11 كتاب Dewey Decimal Classification  
  2013-11-11     511.8 GSI 2013-11-11 المكتبة المركزية بالمجمعة (CL) 00651070 المكتبة المركزية بالمجمعة (CL) 2013-11-11 كتاب Dewey Decimal Classification  
  2013-11-11     511.8 GSI 2013-11-11 المكتبة المركزية بالمجمعة (CL) 00651071 المكتبة المركزية بالمجمعة (CL) 2013-11-11 كتاب Dewey Decimal Classification  
  2015-10-11     511.8 GSI 2015-10-11 المكتبة المركزية بالمجمعة (CL) 00653786 المكتبة المركزية بالمجمعة (CL) 2015-10-11 كتاب Dewey Decimal Classification  
  2015-10-11     511.8 GSI 2015-10-11 المكتبة المركزية بالمجمعة (CL) 00653787 المكتبة المركزية بالمجمعة (CL) 2015-10-11 كتاب Dewey Decimal Classification  
  2015-10-11     511.8 GSI 2015-10-11 المكتبة المركزية بالمجمعة (CL) 00653788 المكتبة المركزية بالمجمعة (CL) 2015-10-11 كتاب Dewey Decimal Classification  
  2018-08-18     511.8 GSI 2018-08-18 مكتبة كلية التمريض - طالبات (CNF) 00657320 مكتبة كلية التمريض - طالبات (CNF) 2018-08-18 كتاب Dewey Decimal Classification  
  2018-08-18     511.8 GSI 2018-08-18 مكتبة كلية التمريض - طالبات (CNF) 00657321 مكتبة كلية التمريض - طالبات (CNF) 2018-08-18 كتاب Dewey Decimal Classification  
  2018-08-18     511.8 GSI 2018-08-18 مكتبة كلية التمريض - طلاب (CNM) 00657284 مكتبة كلية التمريض - طلاب (CNM) 2018-08-18 كتاب Dewey Decimal Classification  
  2018-08-18     511.8 GSI 2018-08-18 مكتبة كلية التمريض - طلاب (CNM) 00657285 مكتبة كلية التمريض - طلاب (CNM) 2018-08-18 كتاب Dewey Decimal Classification  
  2013-11-11     511.8 GSI 2013-11-11 مكتبة مجمع الكليات بالزلفى - طلاب (SZM) 00651072 مكتبة مجمع الكليات بالزلفى - طلاب (SZM) 2013-11-11 كتاب Dewey Decimal Classification  
  2013-11-11     511.8 GSI 2013-11-11 مكتبة مجمع الكليات بالزلفى - طلاب (SZM) 00651073 مكتبة مجمع الكليات بالزلفى - طلاب (SZM) 2013-11-11 كتاب Dewey Decimal Classification  
  2013-11-11     511.8 GSI 2013-11-11 مكتبة مجمع الكليات بالزلفى - طلاب (SZM) 00651074 مكتبة مجمع الكليات بالزلفى - طلاب (SZM) 2013-11-11 كتاب Dewey Decimal Classification